000 00268nam a2200121Ia 4500
008 231129s9999||||xx |||||||||||||| ||spa||
040 _bspa
082 _aF843 M452p
100 _aMaupassant Guy de.
245 0 _aPedro y Juan
264 _aSalvat
942 _2ddc
_cBKS
999 _c22546
_d22546